000 00619nam a22001937a 4500
999 _c17206
_d17206
003 AR-CdUCM
008 190507b ||||| |||| 00| 0 spa d
040 _aMUNICIPALIDAD PROVINCIAL DEL CUSCO
_cBIBLIOTECA MUNICIPAL DEL CUSCO
082 _a372.5 /
_bC26
100 _aCarneiro Leao, A.
_937079
245 _aAdolescencia :
_bSus problemas y su educación /
260 _aMéxico :
_bUteha,
_c1951.
300 _a255 páginas ;
_c23 cm.
440 _aBiblioteca Utehal.
_937080
650 _aEtapa adolescente.
_937081
650 _aSegunda etapa de la vida.
_937082
942 _2ddc
_cLIBROS
945 _arum
_d2019-05-07